Personnage mystère #8 - Statistiques

Statistiques générales
  • Ce quiz a été pris 488 fois
  • Le résultat moyen est 6 sur 7
Statistiques - réponses
Lettres Indices % Correct
EMOHM Homme
100%
RINO Noir
98%
VEAUCH - ROUSIS Chauve-souris
91%
SUJITIERC Justicier
91%
REDAILIMLARI Milliardaire
91%
MAHTOG Gotham
89%
Nom du personnage Batman
88%
Aucun quiz correspondant
Distribution des résultats
% des personnes avec chaque résultat
Percentile par nombre de réponses
Votre historique - résultats
Vous n’avez pas pris ce quiz